লোডিং...

Ordinary differential equations and their solutions

গ্রন্থ-পঞ্জীর বিবরন
প্রধান লেখক: Murphy, George M
বিন্যাস: Printed Book
ভাষা:English
প্রকাশিত: London Van Nostrand 1960
বিষয়গুলি:
LEADER 00533nam a22001577a 4500
005 20151217143952.0
008 100922t xxu||||| |||| 00| 0 eng d
080 |a 517.91   |b MUR 
100 |a Murphy, George M  |9 7092 
245 |a Ordinary differential equations and their solutions 
260 |a London  |b Van Nostrand  |c 1960 
300 |a 451p. 
653 |a Ordinary differential equations 
942 |c BK  |6 _ 
999 |c 144327  |d 144327 
952 |0 0  |1 0  |2 ddc  |4 0  |6 51791_MUR  |7 0  |9 184035  |a DST  |b DST  |d 2010-09-22  |o 517.91 MUR  |p DST00258  |r 2013-06-19  |w 2013-06-19  |y BK